| 000 | 01083cam a2200301 4500 | ||
|---|---|---|---|
| 008 | 090401t1998 xxu||||| |||| 00| 0 eng d | ||
| 020 | _a1873394349 | ||
| 035 | _a(Sirsi) u89939 | ||
| 041 | _aeng | ||
| 050 | _a693.21 | ||
| 245 | _aConservation of historic brick structures : case studies and reports of research. | ||
| 260 |
_aDonhead St. Mary, Dorset _bDonhead _c1998 |
||
| 300 | _ax,504p. : ill. ; 24cm. | ||
| 350 | _a48.5 | ||
| 520 | _aA collection of papers which orginated as a NATO-CCMS pilot study coordinated by the German Environmental Protection Agency. Includes sections on masonry technology, degradation mechanisms, diagnosis of damage, laboratory tests, mortars and rendering, conservation treatments and case studies. | ||
| 650 | _aAIR POLLUTION | ||
| 650 | _aBRICKS | ||
| 650 | _aBRICKWORK | ||
| 650 | _aBUILDING DEFECTS | ||
| 650 | _aSALT DAMAGE | ||
| 650 | _aTERRACOTTA | ||
| 690 | _aCONSERVATION | ||
| 700 |
_aBaer, N.S. _xEditor |
||
| 700 |
_aFitz, S. _xEditor |
||
| 700 |
_aLivingston, R.A. _xEditor |
||
| 942 | _n0 | ||
| 948 | _c25/11/1998 | ||
| 999 |
_c97520 _d97520 |
||